000 00639cam a2200217 a 4500
001 000006424
005 20200929153929.0
008 940627s1993 sp 001 j spa
020 _a8423322114
040 _aDO-SdBNP
_cDLC
082 _a863.6
_bS192m, 1993
100 1 _aSampedro, José Luis,
_d1917-
_915084
245 1 0 _aMar al fondo /
_cJosé Luis Sampedro.
250 _a5a ed.
260 _aBarcelona :
_bDestino,
_c1993.
300 _a194 p. ;
_c20 cm.
490 0 _aÁncora y Delfín ;
_vv. 692
650 4 _aCuentos españoles
_93194
650 4 _aLiteratura española
_ySIGLO XXI
_94846
910 _aCatalogación por copia / LC
999 _c6219
_d6219